Fr. Conceicao Rodrigues College of Engineering

Manual - ST 2101 OM Science technology (Record no. 29613)

MARC details
000 -LEADER
fixed length control field 00319nam a2200145Ia 4500
082 ## - DEWEY DECIMAL CLASSIFICATION NUMBER
Classification number 621.381536
100 ## - MAIN ENTRY--PERSONAL NAME
Personal name Sampling & Recon
245 ## - TITLE STATEMENT
Title Manual - ST 2101 OM Science technology
260 ## - PUBLICATION, DISTRIBUTION, ETC.
Name of publisher, distributor, etc. Scientific Sales
300 ## - PHYSICAL DESCRIPTION
Extent 22
546 ## - LANGUAGE NOTE
Language note ENGLISH
654 ## - SUBJECT ADDED ENTRY--FACETED TOPICAL TERMS
Focus term Manual ST 2101
942 ## - ADDED ENTRY ELEMENTS (KOHA)
Koha item type BOOK
Holdings
Withdrawn status Lost status Damaged status Not for loan Collection Home library Current library Date acquired Total Checkouts Full call number Barcode Date last seen Price effective from Koha item type
        CRC Fr. Agnel's C.Rodrigues College of Engineering Fr. Agnel's C.Rodrigues College of Engineering 17/03/2023   621.381536 10978 05/12/2025 17/03/2023 BOOK